Problemática de la adolescencia y otros aspectos de la edad evolutiva

Сохранить в:
Библиографические подробности
Главный автор: Tomàs, Josep (Автор)
Формат:
Язык:испанский
Опубликовано: Barcelona Laertes 2001
Редактирование:1a. ed
Серии:Cuadernos de Paidopsiquiatría
Предметы:
Метки: Добавить метку
Нет меток, Требуется 1-ая метка записи!

MARC

LEADER 00000nam a2200000 a 4500
001 UCI8627
003 CL-VaPUC
008 080911e20010000SP |||||||||||||||||spa|d
020 |a 8475844480 
082 0 4 |a 155.5  |b TOM  |2 21 
100 0 |a Tomàs, Josep  |e author  |9 532150 
245 1 0 |a Problemática de la adolescencia y otros aspectos de la edad evolutiva 
250 |a 1a. ed 
300 |a 220 p 
942 |c BK 
945 |d 20080911 00:00:00  |a jtorresc 
260 |a Barcelona  |b Laertes  |c 2001 
650 7 |a PSICOLOGIA JUVENIL  |2 CL-VaPUC  |9 532151 
650 7 |a PSICOLOGIA GENETICA  |2 CL-VaPUC  |9 308771 
650 0 |a Adolescencia  |9 307361 
583 |a last modification  |c 20080911 00:00:00  |k Rodrigo Vera 
490 0 |a Cuadernos de Paidopsiquiatría 
999 |c 331443  |d 331441 
952 |0 0  |1 0  |4 0  |6 155_500000000000000_TOM_2001  |7 0  |8 A  |9 418112  |a BIBEDU  |b BIBEDU  |d 2019-11-22  |i 4480082  |o 155.5 TOM 2001  |p 4480082  |r 2019-11-22  |w 2019-11-22  |y BK  |k PSI